zpět

Detail výsledku týmu

Sport bar Texas, Cheb

Datum a čas kvízu

32.5 Celkem bodů Celkový počet nahraných bodů na tomto kvízu bez doplňovacích otázek.
2. Pořadí na kvízu Konečné umístění týmu na tomto kvízu.

Zaznamenané odpovědi

# Otázka Odpověď Body Výsledky
1. Poblíž které jihočeské obce by... Lety 1
2. Posádka tureckých nízkonáklado... Britové 0
3. Fanoušci seriálu Simpsonovi sm... Larry 0
4. Mobilní síť jednoho českého op... Vodafone 1
5. Který český hokejista v úterý... Jakub Voráček 1
6. Sugo all'amatriciana patří mez... guanciale; pecorino 0
7. Napište zakrytou značku zobraz... Kikkoman 0
8. Když se řekne omáčka, určitě s... 15 1
9. Město Worcester dalo jméno jed... C; čertovo lejno 0.5
10. Jak se označuje tato jednoduch... velouté 0